00716nas a2200229 4500001001300000003000900013005001700022007000300039008003400042040005400076041000900130072000800139100002100147100001700168100002200185245010600207650001700313650002000330650002200350650001000372773010400382BR2016001472BR-BrBNA20231205130247.0ta230509b bl.|||p| |||| 00| 00por d aBR-BrBNAbporcBiblioteca Nacional de Agricultura a(Pt) aF701 aAzevedo, F.P. de1 aFrança, F.1 aJunqueira, M.E.R.1 aEstudos taxonônicos da família Vochysiaceae A.St.-Hil. no município de Cartité, Bahia, Brasil aVOCHYSIACEAE aDICOTILEDÔNEA aTAXONOMIA VEGETAL aBAHIA0 tIheringia. Série Botânica (Brazil)xISSN 0073-4705g(Jun 2015), v. 70(1) p. 25-38wBR2016001472